[Event "CZE-chT2C 1819"]
[Site "Czech Republic"]
[Date "2019.02.10"]
[Round "8.8"]
[White "Richter, Martin1"]
[Black "Kulistak, Milan"]
[Result "1/2-1/2"]
[WhiteElo "1976"]
[BlackElo "2153"]
[PlyCount "120"]
[EventDate "2018.10.14"]
[EventType "team-tourn"]
[EventRounds "11"]
[EventCountry "CZE"]
[SourceTitle "EXT 2022"]
[Source "ChessBase"]
[SourceDate "2021.10.06"]
[SourceVersion "1"]
[SourceVersionDate "2021.10.06"]
[SourceQuality "1"]
[WhiteTeam "Bakov nad Jizerou"]
[BlackTeam "Pankrac II"]
[WhiteTeamCountry "CZE"]
[BlackTeamCountry "CZE"]

1. e4 c6 2. d4 d5 3. exd5 cxd5 4. c4 Nf6 5. Nc3 g6 6. Nf3 Bg7 7. Bf4 0-0 8. c5 Nc6 9. Be2 b6 10. Qa4 Bd7 11. Bb5 Rc8 12. Bxc6 Rxc6 13. Qxa7 bxc5 14. 0-0 cxd4 15. Nxd4 Rc4 16. Be5 Qa8 17. Qxa8 Rxa8 18. Nf3 Rb4 19. b3 e6 20. Rfb1 Ne4 21. a3 Rb7 22. Bxg7 Kxg7 23. Nxe4 dxe4 24. Nd2 f5 25. a4 Rb4 26. Rc1 Rd4 27. Nc4 Kf6 28. Nb6 Ra7 29. Nxd7+ Raxd7 30. Kf1 Rd2 31. Re1 Rb2 32. Rab1 Ra2 33. Re2 Ra3 34. Ke1 Rd3 35. Re3 Ke5 36. Rxd3 exd3 37. Kd2 Kd4 38. Rb2 e5 39. b4 Rxa4 40. b5 Ra7 41. b6 Rb7 42. f3 Kc4 43. Ke3 e4 44. fxe4 fxe4 45. Rb1 Kc3 46. Rb5 Kc2 47. Rc5+ Kd1 48. Rb5 Kc1 49. Rc5+ Kd1 50. Rb5 d2 51. Rd5 Ke1 52. Rxd2 Rxb6 53. Ra2 Kf1 54. Kxe4 Rf6 55. g3 g5 56. Ra5 h6 57. Rf5+ Rxf5 58. Kxf5 Kg2 59. h4 Kxg3 60. hxg5 hxg5 1/2-1/2

[Event "Tatry op"]
[Site "Tatranske Zruby"]
[Date "2016.10.01"]
[Round "9"]
[White "Kulistak, Milan"]
[Black "Piankov, Evgenij"]
[Result "1-0"]
[WhiteElo "2130"]
[BlackElo "2254"]
[PlyCount "147"]
[EventDate "2016.09.24"]
[EventType "swiss"]
[EventRounds "9"]
[EventCountry "SVK"]
[SourceTitle "CBM 174 Extra"]
[Source "ChessBase"]
[SourceDate "2016.10.10"]
[SourceVersion "1"]
[SourceVersionDate "2016.10.10"]
[SourceQuality "1"]

1. d4 d5 2. c4 c6 3. Nf3 e6 4. e3 Bd6 5. Nc3 f5 6. Bd3 Nf6 7. 0-0 0-0 8. Qc2 b6 9. cxd5 cxd5 10. Bd2 Bb7 11. Rfc1 Nc6 12. Nb5 Ne4 13. Nxd6 Qxd6 14. Ba6 Nxd4 15. Nxd4 Bxa6 16. Qa4 Nxd2 17. Qxa6 e5 18. Nb5 Qf6 19. Rd1 Ne4 20. Nc7 Rad8 21. Nxd5 Qf7 22. Nb4 Nc5 23. Qb5 Rxd1+ 24. Rxd1 f4 25. Qe2 h6 26. Nc6 Qxa2 27. Nxe5 fxe3 28. fxe3 Qe6 29. Qc4 Re8 30. b4 Qxc4 31. Nxc4 Ne4 32. Rd4 Nc3 33. Rd3 Nb5 34. Na3 Nxa3 35. Rxa3 Re7 36. Kf2 Kf7 37. Kf3 Ke6 38. e4 Ke5 39. Rd3 Rc7 40. Rd5+ Ke6 41. h4 a6 42. Rd8 Rc4 43. Rg8 Kf6 44. Rf8+ Ke5 45. Re8+ Kd6 46. Rd8+ Ke5 47. Re8+ Kd4 48. Rd8+ Kc3 49. Ra8 Rc7 50. Rxa6 b5 51. e5 Kxb4 52. Ke4 Kc5 53. e6 b4 54. Ke5 b3 55. Ra5+ Kb4 56. Ra1 b2 57. Rb1 Kb3 58. Kd6 Rc1 59. Rxb2+ Kxb2 60. e7 Re1 61. Kd7 g5 62. hxg5 Rd1+ 63. Ke6 Re1+ 64. Kf7 Rf1+ 65. Kg7 Re1 66. Kf7 Rf1+ 67. Kg6 Re1 68. gxh6 Rxe7 69. h7 Re8 70. Kf7 Ra8 71. g4 Ra7+ 72. Kg6 Ra6+ 73. Kh5 Ra1 74. h8Q+ 1-0

[Event "Tatry op"]
[Site "Tatranske Zruby"]
[Date "2016.09.26"]
[Round "4"]
[White "Kernazhitsky, Leonid"]
[Black "Kulistak, Milan"]
[Result "1-0"]
[WhiteElo "2273"]
[BlackElo "2130"]
[PlyCount "57"]
[EventDate "2016.09.24"]
[EventType "swiss"]
[EventRounds "9"]
[EventCountry "SVK"]
[SourceTitle "CBM 174 Extra"]
[Source "ChessBase"]
[SourceDate "2016.10.10"]
[SourceVersion "1"]
[SourceVersionDate "2016.10.10"]
[SourceQuality "1"]

1. e4 c6 2. d4 d5 3. exd5 cxd5 4. Bd3 Nc6 5. c3 Nf6 6. h3 g6 7. Nf3 Bg7 8. Bf4 0-0 9. Nbd2 Re8 10. 0-0 Nh5 11. Bh2 Bh6 12. Re1 Bf4 13. Nf1 f6 14. Ne3 Bxh2+ 15. Kxh2 Nf4 16. Bf1 Qd6 17. g3 Nh5 18. Qb3 Be6 19. Rad1 Bf7 20. Rd2 Rab8 21. a4 Kg7 22. Bg2 Rec8 23. Nh4 e6 24. Bxd5 Kf8 25. Bf3 g5 26. Nhg2 e5 27. Qd1 Ng7 28. dxe5 Qxe5 29. Ng4 1-0

[Event "CZE-chT2C 1516"]
[Site "Czech Republic"]
[Date "2016.01.10"]
[Round "5.8"]
[White "Stehlik, Jiri"]
[Black "Kulistak, Milan"]
[Result "1/2-1/2"]
[WhiteElo "2005"]
[BlackElo "2107"]
[PlyCount "72"]
[EventDate "2015.10.18"]
[EventType "team-tourn"]
[EventRounds "11"]
[EventCountry "CZE"]
[SourceTitle "EXT 2022"]
[Source "ChessBase"]
[SourceDate "2021.10.06"]
[SourceVersion "1"]
[SourceVersionDate "2021.10.06"]
[SourceQuality "1"]
[WhiteTeam "Kolin"]
[BlackTeam "Pankrac II"]
[WhiteTeamCountry "CZE"]
[BlackTeamCountry "CZE"]

1. d4 d5 2. Nf3 Nf6 3. g3 Bf5 4. Bg2 e6 5. 0-0 c5 6. c4 Nc6 7. Qa4 Qa5 8. Qxa5 Nxa5 9. Na3 Rc8 10. cxd5 Nxd5 11. Bd2 Nc6 12. Rfc1 b6 13. Nc2 Be4 14. Nfe1 Bxg2 15. Kxg2 Rd8 16. dxc5 Bxc5 17. Nd3 Bd6 18. Ne3 Nxe3+ 19. Bxe3 Ne7 20. f4 0-0 21. Rc2 Rc8 22. Rac1 Rxc2 23. Rxc2 Rc8 24. Rxc8+ Nxc8 25. Kf3 h5 26. Bd4 Ne7 27. e4 Nc6 28. Bc3 Kf8 29. h3 g6 30. g4 hxg4+ 31. hxg4 Ke7 32. e5 Bc5 33. Ke4 Kd7 34. f5 gxf5+ 35. gxf5 Ne7 36. fxe6+ fxe6 1/2-1/2

[Event "CZE-chT2F 0910"]
[Site "Czech Republic"]
[Date "2010.03.14"]
[Round "9.5"]
[White "Vacek, Antonin"]
[Black "Kulistak, Milan"]
[Result "1/2-1/2"]
[WhiteElo "2089"]
[BlackElo "2006"]
[PlyCount "33"]
[EventDate "2009.10.18"]
[EventType "team-tourn"]
[EventRounds "11"]
[EventCountry "CZE"]
[SourceTitle "EXT 2012"]
[Source "ChessBase"]
[SourceDate "2011.11.24"]
[SourceVersion "1"]
[SourceVersionDate "2011.11.24"]
[SourceQuality "1"]
[WhiteTeam "Ostrava Mittal II"]
[BlackTeam "Vsetin"]
[WhiteTeamCountry "CZE"]
[BlackTeamCountry "CZE"]

1. d4 d5 2. c4 c6 3. Nc3 e6 4. Nf3 Nf6 5. Bg5 dxc4 6. a4 Bb4 7. Bxf6 Qxf6 8. g3 c5 9. Bg2 Nc6 10. 0-0 cxd4 11. Ne4 Qd8 12. Qc2 f5 13. Ned2 c3 14. Nb3 cxb2 15. Rad1 Bc3 16. Nbxd4 Nxd4 17. Nxd4 1/2-1/2

[Event "Valasska Bystrice op"]
[Site "Valasska Bystrice"]
[Date "2009.09.19"]
[Round "9"]
[White "Kulistak, Milan"]
[Black "Michalcak, Lubomir"]
[Result "1/2-1/2"]
[WhiteElo "2006"]
[BlackElo "2053"]
[PlyCount "20"]
[EventDate "2009.09.12"]
[EventType "swiss"]
[EventRounds "9"]
[EventCountry "CZE"]
[SourceTitle "CBM 132 Extra"]
[Source "ChessBase"]
[SourceDate "2009.11.03"]
[SourceVersion "1"]
[SourceVersionDate "2009.11.03"]
[SourceQuality "1"]

1. d4 d5 2. c4 c6 3. Nf3 Nf6 4. Nc3 dxc4 5. a4 Bf5 6. e3 e6 7. Bxc4 Bb4 8. 0-0 0-0 9. Qe2 Nbd7 10. e4 Bg4 1/2-1/2

[Event "Valasska Bystrice op"]
[Site "Valasska Bystrice"]
[Date "2009.09.17"]
[Round "7"]
[White "Cujdik, Jiri"]
[Black "Kulistak, Milan"]
[Result "1/2-1/2"]
[WhiteElo "1994"]
[BlackElo "2006"]
[PlyCount "188"]
[EventDate "2009.09.12"]
[EventType "swiss"]
[EventRounds "9"]
[EventCountry "CZE"]
[SourceTitle "CBM 132 Extra"]
[Source "ChessBase"]
[SourceDate "2009.11.03"]
[SourceVersion "1"]
[SourceVersionDate "2009.11.03"]
[SourceQuality "1"]

1. e4 c6 2. d3 d5 3. Nd2 e5 4. Ngf3 Bd6 5. g3 Ne7 6. Bg2 0-0 7. 0-0 f5 8. Re1 Ng6 9. Nf1 f4 10. d4 dxe4 11. Nxe5 e3 12. fxe3 fxg3 13. Nxg6 gxh2+ 14. Kh1 hxg6 15. e4 Qh4 16. e5 Bg4 17. Re4 Bxd1 18. Rxh4 Be7 19. Rxh2 Bxc2 20. d5 Bf5 21. Be3 Nd7 22. d6 Bd8 23. Bd4 Bb6 24. Bc3 Rad8 25. Re1 Nc5 26. Rh3 Kf7 27. Nd2 Rh8 28. Rf1 Nd3 29. Ne4 Rxh3+ 30. Bxh3 Rh8 31. Kg2 Rh5 32. Bg4 Ke6 33. Bxh5 Bxe4+ 34. Bf3 Bxf3+ 35. Kxf3 Nxe5+ 36. Bxe5 Kxe5 37. d7 Ke6 38. Rd1 Bd8 39. Ke4 g5 40. Rd3 g6 41. Kf3 Ke7 42. Kg4 Ke6 43. Rd1 Ke5 44. Rd2 Ke6 45. Kf3 Ke7 46. Ke4 Ke6 47. Rd3 Ke7 48. Rb3 Bb6 49. Rg3 Kxd7 50. Rxg5 Bf2 51. Rg2 Bc5 52. Rxg6 b5 53. Ke5 Kc7 54. Ke6 Bd4 55. b3 a5 56. Rg4 Bb2 57. Rg2 Ba1 58. Rg1 Bb2 59. Rb1 Bc3 60. Rc1 b4 61. Rh1 Kb6 62. Rh5 c5 63. Kd5 a4 64. Kc4 axb3 65. axb3 Bd4 66. Rh6+ Kc7 67. Kd5 Kb7 68. Rc6 Bf2 69. Rf6 Bd4 70. Re6 Bf2 71. Kc4 Bd4 72. Kb5 Kc8 73. Rc6+ Kb7 74. Rh6 Kc7 75. Rb6 Bg1 76. Rc6+ Kd7 77. Rg6 Bd4 78. Rc6 Bg1 79. Ra6 Bd4 80. Kc4 Kc7 81. Kd5 Kb7 82. Rg6 Bf2 83. Kc4 Bd4 84. Rg2 Be3 85. Re2 Bd4 86. Re6 Bg1 87. Kd5 Bd4 88. Rc6 Bg1 89. Kd6 Bf2 90. Kd5 Bd4 91. Rxc5 Bxc5 92. Kxc5 Kc7 93. Kb5 Kb7 94. Kxb4 Kb6 1/2-1/2

[Event "Valasska Bystrice op"]
[Site "Valasska Bystrice"]
[Date "2009.09.15"]
[Round "5"]
[White "Blucha, Dalibor"]
[Black "Kulistak, Milan"]
[Result "0-1"]
[WhiteElo "2162"]
[BlackElo "2006"]
[PlyCount "74"]
[EventDate "2009.09.12"]
[EventType "swiss"]
[EventRounds "9"]
[EventCountry "CZE"]
[SourceTitle "CBM 132 Extra"]
[Source "ChessBase"]
[SourceDate "2009.11.03"]
[SourceVersion "1"]
[SourceVersionDate "2009.11.03"]
[SourceQuality "1"]

1. e4 c6 2. d4 d5 3. Nc3 dxe4 4. Nxe4 Nd7 5. Bc4 Ngf6 6. Nxf6+ Nxf6 7. Nf3 Bf5 8. 0-0 e6 9. Qe2 Bg4 10. Rd1 Bd6 11. Bb3 Qc7 12. h3 Bh5 13. c4 0-0 14. Bc2 Bf4 15. g4 Bg6 16. Bxg6 hxg6 17. Ne5 Bxc1 18. Raxc1 Rfd8 19. b4 a5 20. a3 axb4 21. axb4 Ra4 22. Rb1 Ra3 23. Rd3 Rxd3 24. Qxd3 Qxe5 25. dxe5 Rxd3 26. exf6 gxf6 27. Kg2 Kf8 28. b5 Rd4 29. bxc6 bxc6 30. Rb8+ Ke7 31. Rb7+ Rd7 32. Rxd7+ Kxd7 33. h4 Ke7 34. h5 gxh5 35. gxh5 Kf8 36. Kf3 Kg7 37. Ke4 c5 0-1

[Event "Valasska Bystrice op"]
[Site "Valasska Bystrice"]
[Date "2009.09.14"]
[Round "4"]
[White "Kulistak, Milan"]
[Black "Danes, Jaroslav"]
[Result "1/2-1/2"]
[WhiteElo "2006"]
[BlackElo "2238"]
[PlyCount "105"]
[EventDate "2009.09.12"]
[EventType "swiss"]
[EventRounds "9"]
[EventCountry "CZE"]
[SourceTitle "CBM 132 Extra"]
[Source "ChessBase"]
[SourceDate "2009.11.03"]
[SourceVersion "1"]
[SourceVersionDate "2009.11.03"]
[SourceQuality "1"]

1. d4 Nf6 2. c4 e6 3. Nc3 Bb4 4. e3 b6 5. Nge2 Ba6 6. a3 Bxc3+ 7. Nxc3 d5 8. b3 dxc4 9. bxc4 c5 10. Qa4+ Qd7 11. Qxd7+ Nbxd7 12. Nb5 Bxb5 13. cxb5 cxd4 14. exd4 Nd5 15. Bd2 N7f6 16. Bd3 Kd7 17. Ke2 Rac8 18. Rhc1 Rxc1 19. Rxc1 Ne8 20. h3 Nd6 21. Rc2 g6 22. Rc1 Nf5 23. Be3 h5 24. Be4 Ra8 25. Bd3 f6 26. Kd2 g5 27. Be4 a6 28. Bd3 axb5 29. Bxb5+ Ke7 30. a4 Nd6 31. Bc6 Rc8 32. Ke2 Nb4 33. Bf3 Rxc1 34. Bxc1 h4 35. Bd2 Na6 36. Kd3 Nc7 37. Bc6 Nf5 38. Bb4+ Kf7 39. Kc4 Ne7 40. Bf3 Ned5 41. Bd6 Ke8 42. Ba3 Kd7 43. Bc1 Kc6 44. Bh5 Kb7 45. g3 Kc6 46. Bd2 Ne7 47. Bf3+ Ncd5 48. Bb4 Nf5 49. gxh4 Nxh4 50. Be4 f5 51. Bh1 g4 52. hxg4 fxg4 53. Be4 1/2-1/2

[Event "Ostrava op"]
[Site "Ostrava"]
[Date "2009.05.09"]
[Round "8"]
[White "Kulistak, Milan"]
[Black "Bylino, Oleg"]
[Result "1/2-1/2"]
[WhiteElo "2020"]
[BlackElo "2145"]
[PlyCount "56"]
[EventDate "2009.05.02"]
[EventType "swiss"]
[EventRounds "9"]
[EventCountry "CZE"]
[SourceTitle "EXT 2011"]
[Source "ChessBase"]
[SourceDate "2010.11.26"]
[SourceVersion "1"]
[SourceVersionDate "2010.11.26"]
[SourceQuality "1"]

1. d4 Nf6 2. c4 e6 3. Nc3 Bb4 4. e3 0-0 5. Bd3 c5 6. Nge2 cxd4 7. exd4 d5 8. cxd5 Nxd5 9. 0-0 Nc6 10. a3 Be7 11. Qc2 h6 12. Rd1 Nxc3 13. bxc3 Bd7 14. Ng3 Rc8 15. Qe2 Qe8 16. Nh5 f5 17. Nf4 Bd6 18. Bc4 Bxf4 19. Bxf4 Na5 20. Ba2 b5 21. Bd6 Rf7 22. Re1 Nc4 23. Bc5 Rf6 24. a4 a6 25. axb5 axb5 26. Bxc4 bxc4 27. Ra7 Bc6 28. f3 Bd5 1/2-1/2

[Event "Ostrava op"]
[Site "Ostrava"]
[Date "2009.05.06"]
[Round "5"]
[White "Lexa, Vaclav"]
[Black "Kulistak, Milan"]
[Result "0-1"]
[WhiteElo "1900"]
[BlackElo "2020"]
[PlyCount "48"]
[EventDate "2009.05.02"]
[EventType "swiss"]
[EventRounds "9"]
[EventCountry "CZE"]
[SourceTitle "EXT 2011"]
[Source "ChessBase"]
[SourceDate "2010.11.26"]
[SourceVersion "1"]
[SourceVersionDate "2010.11.26"]
[SourceQuality "1"]

1. d4 d5 2. c4 c6 3. Nf3 Nf6 4. e3 e6 5. Nc3 Nbd7 6. Bd3 dxc4 7. Bxc4 b5 8. Bd3 a6 9. 0-0 c5 10. dxc5 Bxc5 11. Qe2 Bb7 12. Rd1 Qe7 13. b3 0-0 14. Bb2 Rfd8 15. Ng5 Ba7 16. Rac1 Rac8 17. Bb1 h6 18. Nge4 Bb8 19. Rd2 b4 20. Nxf6+ Nxf6 21. Rxd8+ Qxd8 22. Rd1 Qc7 23. Qd3 bxc3 24. Bxc3 Be4 0-1

[Event "Ostrava op"]
[Site "Ostrava"]
[Date "2009.05.05"]
[Round "4"]
[White "Kulistak, Milan"]
[Black "Chlost, Marlena"]
[Result "0-1"]
[WhiteElo "2020"]
[BlackElo "2130"]
[PlyCount "58"]
[EventDate "2009.05.02"]
[EventType "swiss"]
[EventRounds "9"]
[EventCountry "CZE"]
[SourceTitle "EXT 2011"]
[Source "ChessBase"]
[SourceDate "2010.11.26"]
[SourceVersion "1"]
[SourceVersionDate "2010.11.26"]
[SourceQuality "1"]

1. d4 d5 2. c4 e6 3. Nc3 c5 4. cxd5 exd5 5. Nf3 Nc6 6. g3 Nf6 7. Bg2 Be7 8. 0-0 0-0 9. Bg5 c4 10. Ne5 Be6 11. Nxc6 bxc6 12. Qc2 Qa5 13. e4 h6 14. exd5 cxd5 15. Bf4 Rad8 16. Rad1 Bg4 17. f3 Bh5 18. Bh3 Bd6 19. Bc1 Bg6 20. Bf5 Kh7 21. Kg2 Rfe8 22. g4 Re6 23. Bxg6+ fxg6 24. h4 Bb8 25. h5 Ng8 26. hxg6+ Rxg6 27. f4 Qc7 28. Rde1 Qd7 29. Rf3 Qxg4+ 0-1